Historia de la poesía hispano-americana

Bewaard in:
Bibliografische gegevens
Hoofdauteur: Menéndez y Pelayo, Marcelino (autor)
Formaat: Boek
Taal:Spaans
Gepubliceerd in: Madrid Librería General de Victoriano Suárez 1911
Onderwerpen:
Tags: Voeg label toe
Geen labels, Wees de eerste die dit record labelt!

MARC

LEADER 00000nam a2200000 a 4500
001 UCI6690
003 CL-VaPUC
008 080523e19110000SP |||||||||||||||||spa|d
082 0 4 |a H861.9  |b MEN  |2 21 
100 |a Menéndez y Pelayo, Marcelino  |e autor  |9 478094 
245 1 0 |a Historia de la poesía hispano-americana 
300 |a 2 v 
942 |c BK 
945 |d 20080523 00:00:00  |a rbrito 
260 |a Madrid  |b Librería General de Victoriano Suárez  |c 1911 
500 |a Donacion Padres Capuchinos 
650 7 |a POESIA HISPANOAMERICANA  |2 CL-VaPUC  |9 267889 
650 0 |a Historia y crítica   |9 257407 
650 0 |a Crítica literaria   |9 269189 
650 0 |a Literatura hispanoamericana  |9 269097 
583 |a last modification  |c 20080523 00:00:00  |k Rodrigo Vera 
999 |c 330140  |d 330138 
952 |0 0  |1 0  |4 0  |6 H_861_900000000000000_MEN_1911  |7 0  |8 X  |9 415517  |a FDOBUD  |b FDOBUD  |d 2019-11-22  |h v.1  |i 4443071  |o H861.9 MEN 1911  |p 4443071  |r 2019-11-22  |w 2019-11-22  |y BK_X  |k BUD 
952 |0 0  |1 0  |4 0  |6 H_861_900000000000000_MEN_1911  |7 0  |8 X  |9 415518  |a FDOBUD  |b FDOBUD  |d 2019-11-22  |h v.2  |i 444308K  |o H861.9 MEN 1911  |p 444308K  |r 2019-11-22  |w 2019-11-22  |y BK_X  |k BUD